000 00777nam a2200253 i 4500
001 103948
003 ES-MaACL
005 20230906183458.0
007 t|
008 051121s1986 sp ||||1| spa d
020 _a84-239-2413-0
100 1 _aMeyer, Philippe.
_980800
245 1 3 _aLa revolución de los medicamentos
_b: mitos y realidades /
_cPhilippe Meyer; traducción Mª José Comenge, Angela Valverde.
260 _aMadrid :
_bEspasa-Calpe,
_c1986.
300 _a364 p. ;
_c23 cm.
490 1 _aMañana
504 _aBibliografía: p. 348-364.
504 _aIndices.
700 1 _aComenge, María José.
_939989
700 1 _aValverde, Angela.
_9113000
830 0 _aMañana
_9232615
852 _aES-MaACL
_jL-10263
_bR.111832
999 _c103948
_d103948